Normal view MARC view

Entry Topical Term

Number of records used in: 2

001 - CONTROL NUMBER

  • control field: 17661

003 - CONTROL NUMBER IDENTIFIER

  • control field: OSt

005 - DATE AND TIME OF LATEST TRANSACTION

  • control field: 20260110002620.0

008 - FIXED-LENGTH DATA ELEMENTS

  • fixed length control field: 260110|| aca||aabn | a|a d

040 ## - CATALOGING SOURCE

  • Original cataloging agency: OSt
  • Transcribing agency: OSt

150 ## - HEADING--TOPICAL TERM

  • Topical term or geographic name entry element: Hospitality industry -- Management -- Philippines

670 ## - SOURCE DATA FOUND

  • Source citation: Work cat.: (OSt): Asia, Jomar L., author. 17657, Assessment of workplace towards employees productivity in selected hotels in Cavite /, 2022.